000 00701nam a2200289Ia 4500
005 20260324130104.0
008 008 260324s9999 xx 000 0 eng d
020 _a9781315592381
037 _aEBOOK
040 _aCRL
040 _beng
040 _cCRL
041 _2eng
041 _aeng
084 _qCRL
100 _aIrena Backus
_91180468
245 0 _aLife Writing in Reformation Europe
245 0 _bLives of Reformers by Friends, Disciples and Foes
260 _bTaylor and Francis
260 _c2008
365 _a
365 _b240
856 _uhttp://www.taylorfrancis.com/books/9781315592381
942 _cEBOOK
999 _c1776315
_d1776315